| 000 | 01460nam a2200325 c 4500 | ||
|---|---|---|---|
| 003 | BLK | ||
| 005 | 20230107165056.0 | ||
| 008 | 180412b bul|||||r ||||||| ||bul|| | ||
| 010 | _aKNG00006543000 | ||
| 020 |
_a954-608-007-1 _bиздат.: Труд и право |
||
| 040 | _aBLK | ||
| 041 |
_aBUL _cBUL |
||
| 080 |
_aФорми на предприятията в зависимост от отношението към собствеността... _b334.72 _x.003.2 _z334.72.003.2 |
||
| 080 |
_aФинанси на стопанските организации (вкл. финансиране и управление на финансите). Финанси на стопанския сектор _b336.6 _x _z336.6 |
||
| 100 | 1 |
_aПетров, Георги Атанасов _eпърви автор _9249960 |
|
| 139 |
_aПетров, Георги Атанасов _bП 47 |
||
| 245 | 1 | 0 |
_aОснови на финансите на фирмата _cГеорги Атанасов Петров. |
| 257 | _aBGR | ||
| 260 |
_аСофия _bТруд и право _c1995 |
||
| 300 |
_a256 с. _bс табл., черт. _c21 см |
||
| 380 | _a3 | ||
| 500 | _a6 000 тир. | ||
| 650 | 4 |
_aФирми - финанси - управление _9249961 |
|
| 650 | 4 |
_aУправление - финансова дейност - фирми _9244592 |
|
| 852 | _aЦб 182034 | ||
| 856 | 4 |
_qpdf _u |
|
| 856 | 4 |
_qpdf _u |
|
| 942 |
_cKNG _n0 _01 |
||
| 944 |
_aCR _c15.01.2003 _kAB_DOS |
||
| 944 |
_aED _c15.01.2003 _k |
||
| 999 |
_c5358 _d5358 |
||